00296pab a2200121 454500008004000000100001400040245003700054260000900091300000800100362000900108650002300117773003400140180718b1986 xxu||||| |||| 00| 0 eng d aSen, A.N. aNational media policy - a debate c1986 a1-6 aJan. aMass Media - India aPress Council of India Review